<?xml version="1.0" encoding="UTF-8"?>
<record
    xmlns:xsi="http://www.w3.org/2001/XMLSchema-instance"
    xsi:schemaLocation="http://www.loc.gov/MARC21/slim http://www.loc.gov/standards/marcxml/schema/MARC21slim.xsd"
    xmlns="http://www.loc.gov/MARC21/slim">

  <leader>01108    a2200217   4500</leader>
  <controlfield tag="001">120531</controlfield>
  <datafield tag="020" ind1=" " ind2=" ">
    <subfield code="a">9781407136301</subfield>
  </datafield>
  <datafield tag="040" ind1=" " ind2=" ">
    <subfield code="c">Escola Canadense de Niteroi</subfield>
  </datafield>
  <datafield tag="090" ind1=" " ind2=" ">
    <subfield code="a">KUE</subfield>
  </datafield>
  <datafield tag="100" ind1=" " ind2=" ">
    <subfield code="a">Kuenzler, Lou</subfield>
  </datafield>
  <datafield tag="245" ind1="1" ind2="0">
    <subfield code="a">Princess DisGrace: third term at tall towers</subfield>
  </datafield>
  <datafield tag="300" ind1=" " ind2=" ">
    <subfield code="a">229 p.</subfield>
    <subfield code="c">7 x 0.63 x 7.99 inches (paperback)</subfield>
  </datafield>
  <datafield tag="362" ind1="0" ind2=" ">
    <subfield code="a">2015</subfield>
  </datafield>
  <datafield tag="490" ind1="0" ind2=" ">
    <subfield code="a">Princess Disgrace</subfield>
  </datafield>
  <datafield tag="520" ind1=" " ind2=" ">
    <subfield code="a">It is summer and Clumsy Princess Grace is back at Tall Towers Academy for her third term. As the sun shines bright on Coronet Island, Grace is desperate to leap into the beautiful shell-shaped pool for swimming lessons - with real mermaids. But her best friend Scarlet is no so sure. She is terrified of the water and begins to act very strangely. As Grace follows her to the beach one moonlit night, an enchanted mermaid mystery begins to unravel. With the help of dolphins, jewels and secrets from long ago, can Grace protect her friend and save a mermaid too?</subfield>
  </datafield>
  <datafield tag="650" ind1=" " ind2="4">
    <subfield code="a">Juvenile Literature </subfield>
  </datafield>
  <datafield tag="650" ind1=" " ind2="4">
    <subfield code="a">Humorous stories</subfield>
  </datafield>
  <datafield tag="650" ind1=" " ind2="4">
    <subfield code="a">Kingdoms</subfield>
  </datafield>
  <datafield tag="650" ind1=" " ind2="4">
    <subfield code="a"> Princesses and Princes</subfield>
  </datafield>
  <datafield tag="942" ind1=" " ind2=" ">
    <subfield code="c">BK</subfield>
  </datafield>
  <datafield tag="952" ind1=" " ind2=" ">
    <subfield code="0">0</subfield>
    <subfield code="1">0</subfield>
    <subfield code="4">0</subfield>
    <subfield code="7">0</subfield>
    <subfield code="a">80.1</subfield>
    <subfield code="b">80.1</subfield>
    <subfield code="d">2024-02-09</subfield>
    <subfield code="l">0</subfield>
    <subfield code="o">KUE</subfield>
    <subfield code="p">A09560</subfield>
    <subfield code="r">2024-02-09 21:16:18</subfield>
    <subfield code="w">2024-02-09</subfield>
    <subfield code="y">BK</subfield>
  </datafield>
  <datafield tag="952" ind1=" " ind2=" ">
    <subfield code="0">0</subfield>
    <subfield code="1">0</subfield>
    <subfield code="4">0</subfield>
    <subfield code="7">0</subfield>
    <subfield code="a">80.1</subfield>
    <subfield code="b">80.1</subfield>
    <subfield code="d">2024-02-09</subfield>
    <subfield code="l">0</subfield>
    <subfield code="o">KUE</subfield>
    <subfield code="p">A16791</subfield>
    <subfield code="r">2024-02-09 21:16:18</subfield>
    <subfield code="w">2024-02-09</subfield>
    <subfield code="y">BK</subfield>
  </datafield>
  <datafield tag="999" ind1=" " ind2=" ">
    <subfield code="c">120531</subfield>
    <subfield code="d">120531</subfield>
  </datafield>
</record>
